书目信息 |
| 题名: |
航空摄影测量技术与无人机移动测量研究
|
|
| 作者: | 胡志强 , 潘发 , 袁金 主编 | |
| 分册: | ||
| 出版信息: | 北京 文化发展出版社有限公司 2021.2 |
|
| 页数: | 307页 | |
| 开本: | 24cm | |
| 丛书名: | ||
| 单 册: | ||
| 中图分类: | P231 | |
| 科图分类: | ||
| 主题词: | 无人驾驶飞机--航空摄影测量--研究 | |
| 电子资源: | ||
| ISBN: | 978-7-5142-2592-1 | |
| 000 | 01207nam0 2200253 45 | |
| 001 | 012001002316 | |
| 005 | 20140913165047.0 | |
| 010 | @a978-7-5142-2592-1@dCNY52.00 | |
| 100 | @a20190322d2019 em y0chiy0110 ea | |
| 101 | 0 | @achi |
| 102 | @aCN@b110000 | |
| 105 | @ay z 000yy | |
| 106 | @ar | |
| 200 | 1 | @a航空摄影测量技术与无人机移动测量研究@Ahang kong she ying ce liang ji shu yu wu ren ji yi dong ce liang yan jiu@f胡志强,潘发,袁金主编 |
| 210 | @a北京@c文化发展出版社有限公司@d2021.2 | |
| 215 | @a307页@d24cm | |
| 330 | @a本书根据航空摄影测量技术和无人机移动测量技术各项政策和规定进行编写,具体内容包括:航空摄影测量的基础知识、航摄像片的调绘、像片平面图测图、立体测图、像片控制测量、数字摄影测量、地面摄影测量、无人机测量技术基础知识、无人机测量的工作原理、无人机测量技术应用、无人机机动测量数据的获取与处理等内容。本书特点: 1.本书根据相应的规范和法规进行编写,并接合实际管理经验,使得实用性较强。 2.本书增加实例内容,使得内容丰富、指导性强。 | |
| 606 | 0 | @a无人驾驶飞机@x航空摄影测量@x研究 |
| 690 | @aP231@v5 | |
| 701 | 0 | @a胡志强@Ahu zhi qiang@4主编 |
| 701 | 0 | @a潘发@Apan fa@4主编 |
| 701 | 0 | @a袁金@Ayuan jin@4主编 |
| 801 | 0 | @aCN@bBJSDL@c20211011 |
| 905 | @b1339256-9@dP231@e365@f4 | |
| 航空摄影测量技术与无人机移动测量研究/胡志强,潘发,袁金主编.-北京:文化发展出版社有限公司,2021.2 |
| 307页;24cm |
| ISBN 978-7-5142-2592-1:CNY52.00 |
| 本书根据航空摄影测量技术和无人机移动测量技术各项政策和规定进行编写,具体内容包括:航空摄影测量的基础知识、航摄像片的调绘、像片平面图测图、立体测图、像片控制测量、数字摄影测量、地面摄影测量、无人机测量技术基础知识、无人机测量的工作原理、无人机测量技术应用、无人机机动测量数据的获取与处理等内容。本书特点: 1.本书根据相应的规范和法规进行编写,并接合实际管理经验,使得实用性较强。 2.本书增加实例内容,使得内容丰富、指导性强。 |
| ● |
| 相关链接 |
|
|
|
|
正题名:航空摄影测量技术与无人机移动测量研究
索取号:P231/365
 
预约/预借
| 序号 | 登录号 | 条形码 | 馆藏地/架位号 | 状态 | 备注 |
| 1 | 1339256 | 213392568 | 第二样本阅览室/ [索取号:P231/365] | 在馆 | |
| 2 | 1339257 | 213392577 | 第三借阅区/ [索取号:P231/365] | 在馆 | |
| 3 | 1339258 | 213392586 | 第三借阅区/ [索取号:P231/365] | 在馆 | |
| 4 | 1339259 | 213392595 | 第三借阅区/ [索取号:P231/365] | 在馆 |